MDQL
is popping MORE tags! Check the
thread
!
Quizzes
Events
Quiz Creation
Community
Videos
Private Events
Remove Ads
Sign In
Join for FREE
Feedback
Dark Mode
Quiz Categories
Sports
Geography
Music
Movies
Television
Just For Fun
Miscellaneous
History
Literature
Language
Science
Gaming
Entertainment
Religion
Holiday
For Kids
Quiz Lab
Recent
Popular Today
Quiz Kudos Today
Editor Picks
Curator Picks
Quizzes by...
Day
Popularity
Type
Ratings
Length
Year
Community
Subscriptions
Recent Discussions
Orange Saloon
Badges
Playlists
Quests
Create
Leaderboards
Showdown
Live 5
Trivia Bingo
Activity
Puzzle Library
Sporcle Events
Private Events
Virtual Trivia
Globe League
Become a Host
Pub Owners
SporcleCon
Opinionation
Our Games
Videos
Blog
Mobile Apps
Partnerships
Remove Ads and Go Orange
Feedback
Sports
Athletes
MLB
NBA
NHL
NFL
Soccer
Sports Teams
WWE
NCAA
Football
Premier League
Basketball
Baseball
Hockey
Golf
Tennis
Cricket
Rugby
Auto Racing
Olympics
World Cup
Sports
Athletes
MLB
NBA
NHL
NFL
Soccer
Sports Teams
WWE
NCAA
Football
Premier League
Basketball
Baseball
Hockey
Golf
Tennis
Cricket
Rugby
Auto Racing
Olympics
World Cup
Random Quiz
Search Sporcle
×
Quiz Lab
Quiz Lab
Sports
WWE
Type in answers that appear in a list
Type in answers that appear in a list
Classic
Best Score? Go Orange.
CAN YOU NAME 100 WWE FACTIONS AND TAG TEAM MEMBERS? Stats
Can you name the WWE TAG TEAMS?
By
BITW_
18m
101 Questions
991 Plays
991 Plays
991 Plays
Comments
Comments
Give Quiz Kudos
Give Quiz Kudos
-
- Ratings
hide this ad
Replay
Link that replays current quiz
Next Quiz
Link to next quiz in quiz playlist
You Got
0%
They Got
Avg Score
62%
Avg Friend Score
Upgrade to see
Score Distribution
Jump to the score distribution portion of the page
Score
0/101
Timer
18:00
0
Plays Today
Hint
Answer
% Correct
NEXUS (MAIN)
WADE BARRETT
86.6%
THE CORRE
WADE BARRETT
86.6%
EVOLUTION
TRIPLE H
85.9%
D GENERATION X
TRIPLE H
85.9%
EVOLUTION
RANDY ORTON
83.6%
THE LEGACY
RANDY ORTON
83.6%
NEXUS (MAIN)
HEATH SLATER
83.5%
THE CORRE
HEATH SLATER
83.5%
3 MAN BAND
HEATH SLATER
83.5%
THE HARDY BOYZ
JEFF HARDY
82.6%
THE HARDY BOYZ
MATT HARDY
82.5%
THE BROTHERS OF DESTRUCTION
KANE
81.5%
EVOLUTION
BATISTA
81.4%
EVOLUTION
RIC FLAIR
81.2%
THE WYATT FAMILY
BRAY WYATT
80.7%
THE BROTHERS OF DESTRUCTION
UNDERTAKER
80.5%
THE SHIELD
SETH ROLLINS
78.9%
THE NEW AGE OUTLAWS
BILLY GUNN
78.7%
THE SHIELD
DEAN AMBROSE
78.7%
D GENERATION X
BILLY GUNN
78.7%
THE SHIELD
ROMAN REIGNS
78.5%
THE NEW AGE OUTLAWS
ROAD DOGG
78.4%
D GENERATION X
ROAD DOGG
78.4%
THE WYATT FAMILY
LUKE HARPER
78.3%
THE HART FOUNDATION
BRET HART
77%
THE ROCKERS
SHAWN MICHAELS
76.5%
APA
JBL
75.9%
THE DUDLEY BOYZ
BUBBA RAY
75.2%
NEW DAY
KOFI KINGSTON
74.6%
THE LEGION OF DOOM
ANIMAL
74.3%
NEW DAY
BIG E
74.3%
THE CABINET
JBL
74.2%
THE LEGION OF DOOM
HAWK
74.1%
THE DUDLEY BOYZ
D VON
73.4%
Hint
Answer
% Correct
THE BROTHERHOOD
CODY RHODES
73%
THE LEGACY
CODY RHODES
73%
NEXUS (MAIN)
JUSTIN GABRIEL
72.7%
NEXUS (MAIN)
DARREN YOUNG
72.3%
THE PRIME TIME PLAYERS
DARREN YOUNG
72.3%
D GENERATION X
X PAC
70.7%
THE WYATT FAMILY
BRAUN STROWMAN
70.6%
THE BEST AND THE BEARD
DANIEL BRYAN
70.4%
THE HART FOUNDATION
JIM NEIDHART
70.1%
THE BEST AND THE BEARD
CM PUNK
70.1%
THE NEW BREED
CM PUNK
70.1%
D GENERATION X
SHAWN MICHAELS
69.8%
NEW DAY
XAVIER WOODS
69.7%
THE WORLDS GREATEST TAG TEAM
SHELTON BENJAMIN
69.3%
THE WYATT FAMILY
ERIC ROWAN
68.9%
THE MEGAPOWERS
HULK HOGAN
68.7%
D GENERATION X
CHYNA
68.3%
THE PRIME TIME PLAYERS
TITUS ONEIL
67.3%
THE WORLDS GREATEST TAG TEAM
CHARLIE HAAS
67%
NEXUS (MAIN)
DAVID OTUNGA
66.7%
THE CORRE
DAVID OTUNGA
66.7%
THE MEGAPOWERS
RANDY SAVAGE
66.3%
APA
FAAROOQ
65.9%
3 MAN BAND
DREW MCINTYRE
64.6%
THE NATION OF DOMINATION
THE ROCK
64.4%
THE OUTSIDERS
KEVIN NASH
62.7%
DEMOLITION
AX
62.7%
THE OUTSIDERS
SCOTT HALL
62.6%
THE ACENSION
VIKTOR
62.3%
DEMOLITION
SMASH
61.8%
THE ACENSION
KONNOR
60.9%
MNM
JOEY MERCURY
60.4%
THE NATURAL DISASTERS
EARTHQUAKE
59.7%
3 MAN BAND
JINDER MAHAL
59.5%
Hint
Answer
% Correct
MNM
MELINA
59.4%
THE NATION OF DOMINATION
OWEN HART
58.4%
MNM
JOHNNY NITRO
58%
THE NATION OF DOMINATION
MARK HENRY
56.9%
THE NATURAL DISASTERS
TYPHOON
56.9%
THE ROCKERS
MARTY JANNETTY
56.6%
THE NATION OF DOMINATION
D LO BROWN
55.2%
THE WILD SAMOANS
AFA
54.6%
THE NATION OF DOMINATION
FAAROOQ
54.3%
THE CORRE
EZEKIEL JACKSON
53.2%
THE WILD SAMOANS
SIKA
53%
MONEY INC
IRS
51.4%
THE BROTHERHOOD
GOLDUST
50.5%
THE NATION OF DOMINATION
THE GODFATHER
42.9%
THE CABINET
ORLANDO JORDAN
41.8%
RHYTHM AND BLUES
THE HONKY TONK MAN
41.7%
THE NATION OF DOMINATION
CRUSH
40.9%
THE HIGHLANDERS
RORY
39.4%
THE CABINET
DANNY BASHAM
36.3%
THE HIGHLANDERS
ROBBIE
35.9%
RHYTHM AND BLUES
GREG VALENTINE
35.2%
THE NEW BREED
ELIJAH BURKE
34.3%
THE CABINET
DOUG BASHAM
34%
POWERS OF PAIN
THE WARLORD
33.9%
THE NATION OF DOMINATION
SAVIO VEGA
33.8%
POWERS OF PAIN
THE BARBARIAN
32.8%
THE NEW BREED
MARCUS COR VON
31.2%
THE NATION OF DOMINATION
AHMED JOHNSON
29.7%
THE NEW BREED
MATT STRIKER
29.4%
POWERS OF PAIN
MR FUJI
25.1%
THE NEW BREED
KEVIN THORNE
21.9%
THE LEGACY
TED DEBIASE
18%
MONEY INC
TED DEBIASE
18%
Quiz Playlist
Details
Report
Send in Message
Add To Playlist
Classic:
Type in answers that appear in a list
Last Updated: Feb 16, 2017
Quiz Scoreboard
CHALLENGE
Sign Up to Join the Scoreboard
Show All
Scores
Hide
Comments
May contain spoilers
Recently Published
Holiday 10x10 Sorting Gallery
by lukepisani3
Holiday
15m
Two Season TV Shows II
by 123Four
Television
10m
Image Sorting: Flags VI
by Barbecue
Geography
2m
More to Explore
Quiz From the Vault
Featured Blog Post
14 Easter Pick-up Lines to Find Eggs With
hide this ad
You Might Also Like...
Tags
WWE Quiz
tag
team
Today's Top Quizzes in Sports
Browse Sports
hide this ad
Today's Top Quizzes in WWE
Browse WWE
Top Contributed Quizzes in Sports
1
Les meilleurs buteurs des matchs entre le PSG et l’OM
2
Les entraîneurs de l'OM et du PSG au 21e siècle
3
2022 World Cup Stars
4
Les joueurs passés par le PSG et l'OM
5
Players with Multiple 50 Home Run Seasons
6
FIFA Club World Cup Champions
7
Criteria MLB: Left Handed Sluggers
8
Les joueurs passés par le LOSC et le RC Lens
9
Top 10 NHL Goal Scorers of All Time
10
NBA Logic Puzzle 2.0
Explore More
Trending Topics
Kpop
Disney
Crossword
NBA
Harry Potter
Anime
Marvel
Song
The Office
WWE
Puzzle
Country
Soccer
Pokémon
NFL
hide this ad
More By:
BITW_
Quiz
Plays
Rating
Category
Featured
Created
CAN YOU NAME 100 WWE FACTIONS AND TAG TEAM MEMBERS?
991
1.35
Sports
Jan 30, 2015
FOOTBALL PLAYERS THAT HAVE PLAYED FOR RIVAL CLUBS
276
2.00
Sports
Feb 5, 2015
WWE HEELS (BAD GUYS)
228
1.20
Sports
Jan 30, 2015
50 Songs name the Indie/Rock/Punk Band
197
1.00
Music
Feb 3, 2016
POWER FACTIONS IN WWE
195
1.50
Sports
Feb 7, 2015
Go to Creator's Profile
Score Distribution
Quiz Creator Spotlight
BITW_
Follow
Send a Message
Quizzes Created
-
Created Quiz Play Count
-
More By This Creator
Popular Quizzes Today
1
Find the US States - No Outlines Minefield
2
Colored Red Africa Blitz
3
Find the 'City' Movie
4
The Countries of the World
5
5x2 Blitz: Bands
6
Find the Countries of Europe - No Outlines Minefield
7
Find the US States
8
US States
More Sports Quizzes
2023 MLB Strikeout Leaders Image Minefield
Quiz Lab
Trending Quizzes
Colored Red Europe Blitz I
Colored Red Africa Blitz II
Colored Red Europe Blitz II
Even More Two Season TV Shows
Colored Red Africa Blitz III
Recently Updated
Quick Pick: 20 Twenties
pecheneg
March Madness Men's Triple Doubles
pecheneg
How Do You Spell That?
pecheneg
Godzilla Movies
pecheneg
Grab Bag: 4-10 Letters
pecheneg
2024 March Madness Bracket
pecheneg
Famous TV Couples
Peacemaker
Champions League XIs: Real Madrid
pecheneg
Largest US Cities 1790-2010
pecheneg
Rides in Walt Disney World
pecheneg
Trending Topics
Crossword
Anime
Harry Potter
Kpop
Marvel
NBA
Disney
WWE
Song
Soccer
Puzzle
The Office
NFL
Pokémon
Country
Your Account Isn't Verified!
In order to create a playlist on Sporcle, you need to verify the email address you used during registration. Go to your
Sporcle Settings
to finish the process.
Report this User
Report this user for behavior that violates our
Community Guidelines
.
Details:
Send Report
Go to the Sporcle.com Mobile Site →
Comments